000 02883 a2200289 4500
005 20090513144046.0
008 090513t xxu||||| |||| 00| 0 hin d
010 _aB-301831-837
020 _c500.00
_a8174532668
035 _aB-301831-837
037 _bसंजय प्रका.
082 _a821.08
100 _aशर्मा, शशि
245 _aप्रगतिशील कविता में लोकतत्व /
_bशशि शर्मा
260 _aनई दिल्ली
_bसंजय प्रकाशन
_c2007
270 _a4378/4बी,209 जे.एम.डी.हाउस,गली मुरारी लाल, अंसारी रोड,दरियागंज
_bनई दिल्ली
_cदिल्ली
_e110002
300 _a325पृ
_c22 सेमी (सजिल्द)
942 _adpl
_cHN
_k / शर्माश
_2ddc
_h821.08
_mशर्माश
999 _c12221
_d12221